000 00575nam a2200193Ia 4500
005 20250508165823.0
008 008 250505s9999 xx 000 0 eng d
037 _aDissertations
040 _aFEDL
_beng
_cFEDL
041 _aeng
_2eng
084 _a376, YAD/DI
_qFEDL
100 _aYadav Priya
_9782067
245 0 _aRole of south Asian Association for Regional Cooperation (SAARC) in girls education
260 _c2017
300 _a81p.
546 _aM.Ed. Dissertation, (Delhi University)
942 _cDIS
_h376, YAD/DI
999 _c1397657
_d1397657